| 000 | 00832nam a2200253 a 4500 | ||
|---|---|---|---|
| 005 | 20160128111027.0 | ||
| 008 | 140304b1997 ck ||||| |||| 00| 0 spa d | ||
| 040 |
_aCO-BoIAVH _cCO-BoIAVH |
||
| 041 | 0 | _aspa | |
| 044 | _ack | ||
| 082 | 0 | 4 |
_a333.7317 _bC82a |
| 090 |
_aLB _b02066 |
||
| 110 | 2 | _bCorporación Autónoma Regional de Santander | |
| 245 | 1 | 0 | _aZonificación y prediagnóstico de la Serranía de los Yariguies y la Cuchilla del Minero |
| 260 |
_aBucaramanga : _bCAS, _c1997? |
||
| 300 |
_a16 páginas : _bilustraciones, tablas ; _c22 x 16 cm. |
||
| 650 | 6 | _aPolítica ambiental | |
| 650 | 6 | _aFlora | |
| 650 | 6 | _aFauna | |
| 650 | 4 | _aManejo forestal | |
| 662 |
_aColombia _cSerranía de Los Yariguies _bSantander |
||
| 662 |
_cCuchilla del Minero _bSantander |
||
| 942 |
_cFolleto _2ddc |
||
| 999 |
_c2242 _d2242 |
||